000
00473nam a2200181Ia 4500
008
100917s9999 xx 000 0 und d
082
_b
14587
100
_a
भावे बा. न.
245
_a
दीप निर्वाण
260
_b
---
300
_a
176
365
_b
1
520
_a
कादंबरी
630
_a
दीप निर्वाण
650
_a
कादंबरी
730
_a
दीप निर्वाण
942
_c
BOOK
999
_c
619981
_d
619978